000 01201cam a2200145 4500500
005 20260405005539.0
041 _afre
042 _adc
100 1 0 _aAstruc, Philippe
_eauthor
700 1 0 _aGhérardi, Éric
_eauthor
245 0 0 _a1981. L'abolition de la peine capitale : Les événements fondateurs
260 _bArmand Colin,
_c2011.
520 _aLe 9 octobre 1981 restera l’une des grandes dates de l’histoire de France. L’abolition de la peine de mort est le fruit du combat philosophique et politique d’une élite intellectuelle porté sur la place publique et défendu dans les prétoires. Comprendre la portée de la date du 9 octobre 1981 nécessite d’une part de reprendre ce qu’a été l’utilisation de cette peine en France dans ses réalités juridique, pratique et statistique ; et d’autre part d’analyser le sens de la peine au moyen d’une échelle des sanctions débarrassée du châtiment ultime. Les auteurs exercent leurs regards croisés de magistrat et d’universitaire sur cet événement majeur de notre temps.
856 4 1 _uhttps://droit.cairn.info/l-abolition-de-la-peine-capitale-en-france--9782200255886?lang=fr&redirect-ssocas=7080
999 _c2084642
_d2084642